The Arab civilization /

Saved in:

Main Author: Hell, Joseph, 1875-1950 (Author)

Other Authors: Khuda Bukhsh, S. 1877-1931.

Format: Book

Language: English
German

Published: Cambridge, England : W. Heffer & sons, limited, 1926.

Subjects:

Tags: Add Tag

No Tags, Be the first to tag this record!

Call Number: D199.3 .H5 1926

LEADER 01057namaa2200301 4500
001 12160
003 OSt
005 20240916083136.0
008 130303s1926 enk 000 0 eng d
952 |0 0  |1 0  |2 lcc  |4 0  |6 D01993 H5 01926  |7 1  |9 57951  |a ARCE  |b ARCE  |d 2023-12-17  |l 0  |o D199.3 .H5 1926  |p 1012159  |r 2023-12-17 00:00:00  |w 2023-12-17  |y BK 
999 |c 10629  |d 10629 
010 |a 26022004 
040 |c ARCE Library 
041 1 |a eng  |h ger 
043 |a aw-----  |a ff-----   |a e-sp--- 
050 4 |a D199.3 .H5 1926 
100 1 |a Hell, Joseph,  |d 1875-1950,  |e author 
240 1 0 |a Kultur der Araber.  |l English 
245 1 4 |a The Arab civilization /  |c translated from the German of Joseph Hell by S. Khuda Bukhsh. 
264 1 |a Cambridge, England :  |b W. Heffer & sons, limited,   |c 1926. 
300 |a xvii, 128 pages, 1 leaf ;  |c 22 cm. 
500 |a "Literature": pages 122-124 
555 |a .alaa-sweed 
650 0 |a Civilization, Arab. 
650 0 |a Islamic Empire  |x History. 
700 1 |a Khuda Bukhsh, S.  |q (Salahuddin),  |d 1877-1931.  |9 33912 
901 |a reviewed 
942 |c BK  |2 lcc